Introducción al conocimiento de la flora de España

Gespeichert in:
Bibliographische Detailangaben
1. Verfasser: Arévalo, Celso
Format: keine Angabe
Sprache:Spanisch
Erschienen: Madrid Gráfica Universal 1936
Katalog:MANES:  Suchergebnis im Bibliothekskatalog
Schulbuchspezifische Eigenschaften:
Tags: Tag hinzufügen
Keine Tags, Fügen Sie den ersten Tag hinzu!
Hinzugefügt zu:26.04.2016
Geändert in:29.01.2026

MARC

LEADER 000000000a22000000004500
001 34530
003 OSt
005 20260129165832.0
008 160427s sp ||||| |||| 00| 0 spa d
040 |a manes  |c manes 
041 |a Español 
100 1 |a Arévalo, Celso  |9 17957 
245 0 0 |a Introducción al conocimiento de la flora de España 
260 3 |a Madrid  |b Gráfica Universal  |c 1936 
300 |a 152 p.  |c 23 cm 
500 |a Signatura: JE8/44. Enc. cartón il.  
690 |a CN 
691 0 |a SE 
942 |2 ddc  |c BK 
546 |a España 
999 |c 41528  |d 41528 
999 |c manes:41528  |d 41528